Եղիշէի պատմութիւն Վարդանանց ըստ Անձեւացեացն օրինակի / (Record no. 6886)
[ view plain ]
| 000 -LEADER | |
|---|---|
| fixed length control field | 00659nam a2200205 a 4500 |
| 001 - CONTROL NUMBER | |
| control field | 000019676 |
| 003 - CONTROL NUMBER IDENTIFIER | |
| control field | AM-YEHGA |
| 005 - DATE AND TIME OF LATEST TRANSACTION | |
| control field | 20250618070814.0 |
| 008 - FIXED-LENGTH DATA ELEMENTS--GENERAL INFORMATION | |
| fixed length control field | 030329s1913 gs |||||||||||||||||arm|d |
| 040 ## - CATALOGING SOURCE | |
| Original cataloging agency | AM-YeHGA |
| 041 0# - LANGUAGE CODE | |
| Language code of text/sound track or separate title | arm |
| 090 ## - LOCALLY ASSIGNED LC-TYPE CALL NUMBER (OCLC); LOCAL CALL NUMBER (RLIN) | |
| -- | 6930 |
| 100 0# - MAIN ENTRY--PERSONAL NAME | |
| Personal name | Եղիշե, |
| Dates associated with a name | V դ. |
| 9 (RLIN) | 3323 |
| 245 10 - TITLE STATEMENT | |
| Title | Եղիշէի պատմութիւն Վարդանանց ըստ Անձեւացեացն օրինակի / |
| Statement of responsibility, etc. | Եղիշէ. |
| 260 ## - PUBLICATION, DISTRIBUTION, ETC. | |
| Place of publication, distribution, etc. | Թիֆլիս : |
| Name of publisher, distributor, etc. | Էլէքտրատպ. օր. Ն. Աղանեանի, |
| Date of publication, distribution, etc. | 1913. |
| 300 ## - PHYSICAL DESCRIPTION | |
| Extent | 276 էջ |
| 440 #0 - SERIES STATEMENT/ADDED ENTRY--TITLE | |
| Title | Ղուկասեան մատենադարան |
| Volume/sequential designation | ԺԱ |
| 650 14 - SUBJECT ADDED ENTRY--TOPICAL TERM | |
| Topical term or geographic name entry element | Հայոց պատմություն |
| 942 ## - ADDED ENTRY ELEMENTS (KOHA) | |
| Koha item type | Գրքեր / Books |
| Withdrawn status | Lost status | Damaged status | Not for loan | Collection | Home library | Current library | Date acquired | Total checkouts | Full call number | Barcode | Date last seen | Price effective from | Koha item type | Public note | Source of classification or shelving scheme |
|---|---|---|---|---|---|---|---|---|---|---|---|---|---|---|---|
| General | Fundamental Scientific Library | Fundamental Scientific Library | 21/12/2016 | AII/33133 | 220033133 | 21/12/2016 | 21/12/2016 | Գրքեր / Books | 30 Days Loan | ||||||
| General | Fundamental Scientific Library | Fundamental Scientific Library | 21/12/2016 | AII/33134 | 220033134 | 21/12/2016 | 21/12/2016 | Գրքեր / Books | 30 Days Loan | ||||||
| General | Fundamental Scientific Library | Fundamental Scientific Library | 21/12/2016 | AII/33136 | 220033136 | 21/12/2016 | 21/12/2016 | Գրքեր / Books | 30 Days Loan | ||||||
| General | Fundamental Scientific Library | Fundamental Scientific Library | 21/12/2016 | AII/85448 | 220085448 | 21/12/2016 | 21/12/2016 | Գրքեր / Books | 30 Days Loan | ||||||
| Levonyan Individual Collection | Fundamental Scientific Library | Fundamental Scientific Library | 21/12/2016 | Լեվ/1289 | FL0397490 | 21/12/2016 | 21/12/2016 | Գրքեր / Books | ILL Non-Circ. | Universal Decimal Classification | |||||
| Vache Nalbandyan Individual Collection | Fundamental Scientific Library | Fundamental Scientific Library | 21/12/2016 | Nalb/343 | FL0276288 | 21/12/2016 | 21/12/2016 | Գրքեր / Books | ILL Non-Circ. | Universal Decimal Classification |
ՀՀ Գիտությունների ազգային ակադեմիայի հիմնարար գիտական գրադարան = Fundamental Scientific Library of NAS RA
All site content, except where otherwise noted, is licensed under a